Brazil : Selected Issues and Statistical Appendix.

This Selected Issues paper and Statistical Appendix on Brazil looks at price developments following the floating of the Real in mid-January 1999. The paper highlights that the experiences in East Asia-Indonesia, Korea, Malaysia, Philippines, and Thailand-all show that the pass-through from devaluati...

Fuld beskrivelse

Bibliografiske detaljer
Institution som forfatter: International Monetary Fund
Format: Tidsskrift
Sprog:English
Udgivet: Washington, D.C. : International Monetary Fund, 1999.
Serier:IMF Staff Country Reports; Country Report ; No. 1999/097
Online adgang:Full text available on IMF
LEADER 01592cas a2200241 a 4500
001 AALejournalIMF000985
008 230101c9999 xx r poo 0 0eng d
020 |c 5.00 USD 
020 |z 9781451805895 
022 |a 1934-7685 
040 |a BD-DhAAL  |c BD-DhAAL 
110 2 |a International Monetary Fund. 
245 1 0 |a Brazil :   |b Selected Issues and Statistical Appendix. 
264 1 |a Washington, D.C. :  |b International Monetary Fund,  |c 1999. 
300 |a 1 online resource (163 pages) 
490 1 |a IMF Staff Country Reports 
500 |a <strong>Off-Campus Access:</strong> No User ID or Password Required 
500 |a <strong>On-Campus Access:</strong> No User ID or Password Required 
506 |a Electronic access restricted to authorized BRAC University faculty, staff and students 
520 3 |a This Selected Issues paper and Statistical Appendix on Brazil looks at price developments following the floating of the Real in mid-January 1999. The paper highlights that the experiences in East Asia-Indonesia, Korea, Malaysia, Philippines, and Thailand-all show that the pass-through from devaluation to inflation has been lower than expected, with the exception of Indonesia. The paper analyzes the competitiveness and export performance of Brazil. Effects of high interest rates and currency depreciation on Brazilian enterprises are also analyzed. 
538 |a Mode of access: Internet 
830 0 |a IMF Staff Country Reports; Country Report ;  |v No. 1999/097 
856 4 0 |z Full text available on IMF  |u http://elibrary.imf.org/view/journals/002/1999/097/002.1999.issue-097-en.xml  |z IMF e-Library